Svedu tě /

Hlavní autor: London, Cait
Další autoři: Šindelář, Jan
Jazyk: Čeština
Vydáno: Praha : Harlequin, 1995
Edice: Desire (Harlequin)
Témata:
Fyzický popis: 151 stran ; 18 cm
Knihy
Uloženo v:
LEADER 01261nam a2200385 i 4500
001 001757198
003 CZ BrMZK
005 20231122143110.0
007 ta
008 200703s1995 xr g 000 f cze d
015 |a cnb000111321 
020 |a 80-7170-380-X  |q (brožováno) :  |c Kč 44,90 
035 |a (OCoLC)36608955 
040 |a ABA001  |b cze  |d BOA001  |e rda 
041 1 |a cze  |h eng 
072 7 |a 821-31/-34  |x Milostná, dobrodružná, fantastická próza  |2 Konspekt  |9 25 
080 |a 821-312.5  |2 MRF 
080 |a (0:82-312.5)  |2 MRF 
100 1 |a London, Cait  |7 jn20001103702  |4 aut 
240 1 0 |a Seduction of Jake Tallman.  |l Česky 
245 1 0 |a Svedu tě /  |c Cait Londonová ; překlad Jan Šindelář 
264 1 |a Praha :  |b Harlequin,  |c 1995 
300 |a 151 stran ;  |c 18 cm 
336 |a text  |b txt  |2 rdacontent 
337 |a bez média  |b n  |2 rdamedia 
338 |a svazek  |b nc  |2 rdacarrier 
490 1 |a Desire ;  |v 142 
500 |a Přeloženo z angličtiny 
655 7 |a milostné romány  |7 fd132840  |2 czenas 
700 1 |a Šindelář, Jan  |4 trl 
830 0 |a Desire (Harlequin)  |0 s 
910 |a BOA001  |b 1-1449.645 
990 |a BK 
991 |b 202007 
996 6 |b 2610829891  |c 1-1449.645  |l MZK  |r Sklad / do 1 hodiny  |n 0  |p kupd  |w 001812840  |u 000010  |a 1  |e BOA001  |j MZK50  |s P